000 00501nam a2200193Ia 4500
005 20240422131634.0
008 131103s9999 xx 000 0 und d
040 _aLoreto College
041 _aEnglish
082 _a370.954
_bKOC
100 _aKochhar, S.K.
245 _aPivotal issues in Indian education
_cS.K.Kochhar
260 _aDelhi
_bSterling Publishers
_c1987
300 _avi,344p.
650 _aEducation - India
651 _aIndia - Education
850 _aLCBED
942 _cBK
999 _c25834
_d76313